| 000 | 04919nam a22005173a 4500 | ||
|---|---|---|---|
| 005 | 20051014160153.0 | ||
| 008 | 050725t20052003nyu | 00| f eng d | ||
| 010 | _aB-311176-196 | ||
| 020 |
_a9788129113726 _c95.00 |
||
| 035 | _aB-311176-196 | ||
| 037 | _bPansy Books | ||
| 040 |
_adpl _bEnglish |
||
| 082 | _aN | ||
| 100 |
_aChetan Bhagat _925087 |
||
| 245 |
_aThe 3 mistakes of my life : _cby Chetan Bhagat _ba story about business, cricket and religion / |
||
| 260 |
_aNew Delhi _bRupa & Co. _c2008 |
||
| 270 |
_a7/16, Ansari Road, Daryaganj _bNew Delhi _e110002 |
||
| 300 |
_axx, 257p. _c21 cm. (pbk) |
||
| 655 |
_aLove stories. _2gsafd _954774 |
||
| 655 |
_aDomestic fiction. _2lcsh _954775 |
||
| 710 |
_aCopyright Paperback Collection (Library of Congress) _925090 |
||
| 942 |
_2ddc _cEN _hN _mCHE |
||
| 999 |
_c15890 _d15890 |
||